THE INNOCENT MAN (Record no. 62203)

000 -LEADER
fixed length control field 00396nam a22001697a 4500
003 - CONTROL NUMBER IDENTIFIER
control field MPLRDC
005 - DATE AND TIME OF LATEST TRANSACTION
control field 20220104183010.0
008 - FIXED-LENGTH DATA ELEMENTS--GENERAL INFORMATION
fixed length control field 210129b ||||| |||| 00| 0 eng d
020 ## - INTERNATIONAL STANDARD BOOK NUMBER
International Standard Book Number 0-09-949357-0
082 ## - DEWEY DECIMAL CLASSIFICATION NUMBER
Classification number 870.57 GRI
100 ## - MAIN ENTRY--PERSONAL NAME
Personal name JOHN GRISHAM
245 ## - TITLE STATEMENT
Title THE INNOCENT MAN
Statement of responsibility, etc.
260 ## - PUBLICATION, DISTRIBUTION, ETC.
Place of publication, distribution, etc. 英国
Name of publisher, distributor, etc. ARROW BOOKS
Date of publication, distribution, etc. 2007
300 ## - PHYSICAL DESCRIPTION
Other physical details
650 ## - SUBJECT ADDED ENTRY--TOPICAL TERM
Topical term or geographic name entry element FICTION
942 ## - ADDED ENTRY ELEMENTS (KOHA)
Koha item type Book
-- 870.57 GRI
Holdings
Withdrawn status Lost status Source of classification or shelving scheme Damaged status Not for loan Collection code Home library Current library Shelving location Date acquired Cost, normal purchase price Total Checkouts Full call number Barcode Date last seen Date last checked out Price effective from Koha item type Public note
            Malaysian Public Library, Research and Development Centre Malaysian Public Library, Research and Development Centre   14/12/2008 25.90   870.57 GRI E0004812 18/03/2021 10/07/2013 18/03/2021 Book mplrdc

© 2022. Malaysian Public Library, Research and Development Centre. All Right ReservedE-mailmplrdc@help.edu.my 

Powered by Koha